| 000 | 00638nam a2200217 a 4500 | ||
|---|---|---|---|
| 001 | 64795 | ||
| 003 | BD-RjUL | ||
| 005 | 20211209081342.0 | ||
| 008 | 170222s1947 nyuabc b 001 0 eng | ||
| 035 | _a(BD-RjUL)64925 | ||
| 040 |
_aDLC _cPU _dBD-RjUL _beng |
||
| 041 | _aeng | ||
| 082 | 0 |
_a956.94 _223 _bSAS 1947 |
|
| 100 | 1 |
_aSankowsky, Suzanne Harris, _d1906- _9192128 |
|
| 245 | 1 | 2 |
_aA short history of Zionism / _cPictorial statistics by Itzhak Sankowsky. |
| 260 |
_aNew York : _bBloch Pub. Co., _c1947. |
||
| 300 |
_a223 p. : _bill, ; _c22 cm. |
||
| 504 | _aBibliography: p. 220-223. | ||
| 650 | 0 |
_aZionism. _9191744 |
|
| 942 |
_2ddc _cBK |
||
| 999 |
_c64795 _d64795 |
||